Complex analysis : The geometric viewpoint

Steven G. Krantz shows how it can be developed in a natural way from the invariant geometry of the complex disk. He also introduces the Bergmann kernel and metric and provides profound applications, some of which have never appeared in print before. n general, the new edition represents a considerab...

Cur síos iomlán

Đã lưu trong:
Sonraí Bibleagrafaíochta
Príomhúdar: Krantz, Steven G.
Formáid: Leabhar
Teanga:Undetermined
Foilsithe: [Washington?] Mathematical Association of America 2004
Ábhair:
Clibeanna: Cuir Clib Leis
Gan Chlibeanna, Bí ar an gcéad duine leis an taifead seo a chlibeáil!
Thư viện lưu trữ: Trung tâm Học liệu Trường Đại học Cần Thơ
LEADER 01343nam a2200217Ia 4500
001 CTU_167320
008 210402s9999 xx 000 0 und d
020 |c 56 
082 |a 515.9 
082 |b K89 
100 |a Krantz, Steven G. 
245 0 |a Complex analysis : 
245 4 |b The geometric viewpoint 
245 0 |c Steven G. Krantz 
260 |a [Washington?] 
260 |b Mathematical Association of America 
260 |c 2004 
520 |a Steven G. Krantz shows how it can be developed in a natural way from the invariant geometry of the complex disk. He also introduces the Bergmann kernel and metric and provides profound applications, some of which have never appeared in print before. n general, the new edition represents a considerable polishing and re-thinking of the original successful volume. A minimum of geometric formalism is used to gain a maximum of geometric and analytic insight. The climax of the book is an introduction to several complex variables from the geometric viewpoint. Poincaré's theorem, that the ball and bidisc are biholomorphically inequivalent, is discussed and proved. 
650 |a Functions of complex variables,Geometry, Differential,Chức năng của các biến phức,Hình học vi phân 
904 |i Đình Thư 
980 |a Trung tâm Học liệu Trường Đại học Cần Thơ